00815 2200253 4500001002100000005001700021008004100038020002200079035002400101040001200125082002100137084002500158245015800183250001100341260003100352300003200383504002600415650003700441700002000478700001600498700001300514850001200527990002200539INLIS00000000002524720170201110140.0  a978-979-21-4765-0 0010-021700000000061 aYOPPDIY 223a372.65499221 aDEP 372.65499221 Ran aRANGKUMAN dan pengayaan bahasa Indonesia kelas VI SD Semester 1c/ Monica Dewi Nurani [et.al]; Editor, C. Erni Setyowati, M.M Sri Wahyuni; Ilus, Harnawan aCet. 1 aYogyakartabKanisiusc2016 a184 hlm.b: ilus.c; 25 cm. aBibliografi: hlm. 184 aPendidikan dasar kewarganegaraan aERNI Setiyowati aSRI Wahyuni aHERNAWAN aYOPDYOG aCB-D.11/2016-1216